000 01011nam a2200265 i 4500
001 121211
003 ES-MaACL
005 20250323192212.0
007 t|
008 070214s1969 sp r ||||1| cat d
080 _a72 Gaudí, Antonio
100 1 _aPrevost, Clovis.
_993816
245 1 3 _aLa visió artística i religiosa de Gaudí /
_cClovis Prévost, Robert Descharnes ; amb un próleg de Salvador Dalí ; i l'assaig "La visió artística i religiosa d'en Gaudí" de Francesc Pujols presentat per Joan Alavedra ; la traducció per B. Vallespinos.
260 _aBarcelona :
_bAymà,
_c1969.
300 _a245 p., 41 lám. :
_bil.
600 1 4 _aGaudí, Antoni,
_d1852-1926
_955994
700 1 _aDescharnes, Robert.
_943852
700 1 _aDalí, Salvador.
_942483
700 1 _aPujols, Francesc.
_994360
700 1 _aAlavedra, Joan.
_919176
700 1 _aVallespinos, B.
_9112903
740 3 2 _aLa visió artística i religiosa d'en Gaudí.
852 4 _aES-MaACL
_jP-1444
999 _c121211
_d121211